Word Ladder: Discworld Quiz Stats

 Plays Quiz Updated Feb 4, 2017

Support Sporcle.
Go Orange.
Score 0/28 Timer 03:00
0 Plays Today
Hint 4-Letter Word % Correct
🐢 Thief of ___ 🐢
or 'Once upon a ___'
TIME
96.2%
Moon-influenced water movementTIDE
93.9%
Witch's blemishWART
92%
Hospital divisionWARD
90.8%
K or Wal- followerMART
90.3%
Silent actorMIME
89.8%
Disease of the immune systemAIDS
89.3%
🐢 Men at ___ 🐢
or sleeve fillers
ARMS
89.3%
Sail supporterMAST
89%
Opposite of sweetSOUR
88.6%
Nurse's assistantAIDE
88.1%
🐢 The ___ Continent 🐢
or third out of three
LAST
87.6%
Filly's motherMARE
86.7%
Without coveringBARE
86.3%
Hint 4-Letter Word % Correct
IntendsAIMS
85.4%
Fly or glideSOAR
85%
NuisancePEST
83.1%
Slightly old-fashioned form of 'unless'LEST
81.9%
Boggy groundMIRE
81.8%
___ of AvonBARD
79.3%
Char the surfaceSEAR
79.3%
🐢___ Music 🐢
or human spirit
SOUL
77.9%
Mulching materialPEAT
75.3%
Hit a high pointPEAK
73.4%
🐢 I Shall ___ Midnight 🐢
or gradual deterioration
WEAR
64.6%
Watered-downWEAK
60.7%
🐢 ___ Sisters 🐢
or Anglo-Saxon concept of fate
WYRD
33.8%
English Renaissance composerBYRD
29.4%

Today's Daily Dose

Missing Word
FPS Games (A-Z)

Quick Pick
Cartoon Lions

Get the Picture
5, 6, 7, or 8 Movies

You're not logged in!

Compare scores with friends on all Sporcle quizzes.
OR
Log In
Forgot?

From the Vault

'H' States Blitz

by NYYanks

'H' has sure made its way around the states.
Remove Ads.
Support Sporcle.
Get the best of Sporcle when you Go Orange. This ad-free experience offers more features, more stats, and more fun while also helping to support Sporcle. Thank you for becoming a member.

Show Comments

Extras

Top Quizzes Today


Score Distribution

Your Account Isn't Verified!

In order to create a playlist on Sporcle, you need to verify the email address you used during registration. Go to your Sporcle Settings to finish the process.

Report this User

Report this user for behavior that violates our Community Guidelines.

Details: